Sports Quiz

Random Sports or Soccer Quiz
Score 0/23 Timer 10:00
0 Plays Today
Амплуа Футболист % Correct
ПолузащитникДенис Черышев
82.4%
НападающийФёдор Смолов
68%
ПолузащитникАлан Дзагоев
61%
ЗащитникГеоргий Щенников
58.8%
ВратарьСтанислав Крицюк
54.1%
НападающийПавел Яковлев
45.1%
ПолузащитникОлег Шатов
39.9%
ЗащитникТарас Бурлак
37.7%
НападающийМаксим Канунников
27.6%
ВратарьНиколай Заболотный
27.1%
ЗащитникИбрагим Цаллагов
26.7%
ЗащитникМаксим Беляев
26.3%
Амплуа Футболист % Correct
ПолузащитникСергей Петров
19.7%
НападающийАндрей Панюков
19.2%
ЗащитникНикита Чичерин
16.8%
ЗащитникСергей Брызгалов
16.8%
ВратарьАлександр Фильцов
14.6%
ПолузащитникРоман Емельянов
13.6%
ПолузащитникШота Бибилов
12.3%
ПолузащитникМаксим Григорьев
11.7%
ПолузащитникАлександр Зотов
9.6%
ЗащитникАлексей Никитин
8.1%
ПолузащитникЮрий Кириллов
6%
Remove Ads.
Support Sporcle.
Get the best of Sporcle when you Go Orange. This ad-free experience offers more features, more stats, and more fun while also helping to support Sporcle. Thank you for becoming a member.

You're not logged in!

Compare scores with friends on all Sporcle quizzes.
OR
Log In

Sporcle TV

Today on Sporcle TV


Watch our educational content, quiz creation guides, and fun videos on Sporcle TV.

Show Comments

Extras

Created May 12, 2020ReportNominate
Tags:Football Quiz, Soccer Quiz

Top Quizzes Today


Score Distribution

Paid Content

Your Account Isn't Verified!

In order to create a playlist on Sporcle, you need to verify the email address you used during registration. Go to your Sporcle Settings to finish the process.

Report this User

Report this user for behavior that violates our Community Guidelines.

Details: